000 00968nam a22003137a 4500
003 CHAP
005 20220329143557.0
008 100621s1972 us a r 00010 spa d
010 _a98771
011 _a99743
035 _a110429
040 _cCHAP
082 0 4 _a541.35
_bP38
100 1 _aPenzhorn H., Ralf Dieter
_986751
245 1 0 _aFotoquímica de gases
_c/por Ralf-Dieter Penzhorn H.
260 _aWashington, D.C. :
_bOEA,
_c1972
300 _a58 p. :
_bilus., gráfs., tablas
490 _aSerie de química
_v; 7
590 _aBATCH-UPD
_b10
_c20130110
_lUCH01
_h1125
590 _aBATCH-UPD
_b10
_c20130410
_lUCH01
_h0714
590 _aBATCH-UPD
_b10
_c20130914
_lUCH01
_h1434
590 _aCONVERSION
_b10
_c20130109
_lUCH01
_h1355
650 1 4 _aFotoquímica.
_942736
650 1 4 _aGases.
_947216
830 0 _aSerie de química
_v; 7
_9104779
901 _aBK
942 _cLIBRO
949 _a541.35 P38
_bBC
_cLIBRO
_d33724002179173
_eLIBRO
_h112993
_i110429
_sb
999 _c98771
_d98771